000 01058nam a22001937a 4500
999 _c63372
_d63372
003 Ge_BSU
005 20250925193233.0
008 250925s1963 ge ||||| |||| 00| 0 geo d
041 _ageo
080 _a911.3:33(479.22)(075.8) კ-26
100 _aკარბელაშვილი, ლ.
_925883
245 _aსაქართველოს სსრ ეკონომიური გეოგრაფია :
_b[სახელმძღვანელო სტუდენტებისათვის] /
_cლ. კარბელაშვილი ; რედაქტორი შ. ქორიძე.
264 _aთბილისი :
_bთბილისის უნ-ტის გამ-ბა,
_c 1963.
300 _a447 გვ. :
_bრუკ. ;
_c22 სმ.
504 _aბიბლიოგრ.: გვ. 437-445.
653 _aსაქართველოს ეკონომიური გეოგრაფია
700 _aქორიძე, შ.
_eრედაქტორი
_925884
942 _2udc
_cᲬᲘᲒᲜᲘ